Statistics for Multiples of 17 Quiz

Click here to take the quiz!

General Stats

  • This quiz has been taken 132 times
  • The average score is 23 of 25

Answer Stats

Answer% Correct
17
100%
34
100%
51
100%
68
100%
170
98%
85
98%
102
96%
119
96%
187
96%
136
95%
153
95%
204
94%
221
94%
238
94%
255
94%
272
94%
289
94%
306
92%
323
92%
340
92%
357
91%
374
86%
391
86%
408
85%
425
82%

Score Distribution

Percentile by Number Answered

Percent of People with Each Score

Your Score History

You have not taken this quiz